| 000 | 00890nam a2200217 a 4500 | ||
|---|---|---|---|
| 999 |
_c7792 _d7792 |
||
| 001 | 7792 | ||
| 003 | BD-JhCC | ||
| 005 | 20180215093834.0 | ||
| 008 | 180214s2011 bg |||| || | 000 0 ben d | ||
| 035 | _a(BD-JhCC)7792 | ||
| 040 |
_aBD-JhCC _dBD-JhCC |
||
| 041 | _aben | ||
| 082 |
_a001 _bRAH 2011 |
||
| 100 | _aরহমান, মুহাম্মদ মাহবুবুর | ||
| 245 |
_aবাংলাদেশের বিষয়াবলী : _bপ্রথম ও দ্বিতীয় পত্র সাম্প্রতিক ও সর্বাধিক তথ্য সম্বলিত / _cমুহাম্মদ মাহবুবুর রহমান, |
||
| 260 |
_aঢাকা : _bলায়ন মাহমুদ গিয়াস, _c2011 |
||
| 300 |
_a405 p. : _c22 cm. |
||
| 650 |
_aGeneral Knowledge _zBangladesh |
||
| 942 |
_2ddc _cBK |
||